书目信息 |
| 题名: |
石油和天然气技术与应用
|
|
| 作者: | 钱伯章 编 | |
| 分册: | ||
| 出版信息: | 北京 科学出版社 2010.08 |
|
| 页数: | 318页 | |
| 开本: | 24cm | |
| 丛书名: | 新能源技术丛书 | |
| 单 册: | ||
| 中图分类: | TE | |
| 科图分类: | ||
| 主题词: | 石油工业--技术 , 天然气工业--技术 , 石油工业 , 天然气工业 | |
| 电子资源: | ||
| ISBN: | 978-7-03-028369-6 | |
| 000 | 00907oam2 2200289 450 | |
| 001 | 010020005287 | |
| 005 | 20170327092525.68 | |
| 010 | @a978-7-03-028369-6@dCNY38.00 | |
| 100 | @a20100818d2010 em y0chiy0110 ea | |
| 101 | 0 | @achi |
| 102 | @aCN@b110000 | |
| 105 | @aak z 000yy | |
| 106 | @ar | |
| 200 | 1 | @a石油和天然气技术与应用@9shi you he tian ran qi ji shu yu ying yong@f钱伯章编 |
| 210 | @a北京@c科学出版社@d2010.08 | |
| 215 | @a318页@c图@d24cm | |
| 225 | 2 | @a新能源技术丛书 |
| 330 | @a本书从世界和中国能源消费现状与发展趋势出发,详尽评述了世界和中国的石油和天然气发展现状与趋势、后经济危机时代的世界石油工业等。 | |
| 461 | 0 | @12001 @a新能源技术丛书 |
| 606 | 0 | @a石油工业@x技术 |
| 606 | 0 | @a天然气工业@x技术 |
| 606 | 0 | @a石油工业 |
| 606 | 0 | @a天然气工业 |
| 690 | @aTE@v5 | |
| 701 | 0 | @a钱伯章@9qian bo zhang@4编 |
| 801 | 0 | @aCN@bRENTIAN@c20100818 |
| 905 | @b982005-08@dTE@e52@f4 | |
| 石油和天然气技术与应用/钱伯章编.-北京:科学出版社,2010.08 |
| 318页:图;24cm.-(新能源技术丛书) |
| ISBN 978-7-03-028369-6:CNY38.00 |
| 本书从世界和中国能源消费现状与发展趋势出发,详尽评述了世界和中国的石油和天然气发展现状与趋势、后经济危机时代的世界石油工业等。 |
| ● |
| 相关链接 |
|
|
|
|
正题名:石油和天然气技术与应用
索取号:TE/52
 
预约/预借
| 序号 | 登录号 | 条形码 | 馆藏地/架位号 | 状态 | 备注 |
| 1 | 982005 | 209820050 | 第二样本阅览室/ [索取号:TE/52] | 在馆 | |
| 2 | 982006 | 209820069 | 第三借阅区/ [索取号:TE/52] | 在馆 | |
| 3 | 982007 | 209820078 | 第三借阅区/ [索取号:TE/52] | 在馆 | |
| 4 | 982008 | 209820087 | 密集书库-化学系/ [索取号:TE/52] | 在馆 |